| 000 | 01191nam a2200313 i 4500 | ||
|---|---|---|---|
| 003 | EG-GICUC | ||
| 005 | 20260121101551.0 | ||
| 008 | 251229s1994 ua ||||fr|||| 00| 0 ara d | ||
| 040 |
_a EG-GICUC _bara _c EG-GICUC _d EG-GICUC _erda |
||
| 041 | 0 | _hara | |
| 082 | 0 | 4 |
_221 _a345.7 _bر أ . د |
| 092 | 0 | 4 | _221 |
| 099 | _aLaw1 07 345.7 ر أ . د 1994 | ||
| 100 | 0 |
_aرأفت فوده _eمؤلف. |
|
| 245 | 1 | 0 |
_aدروس في القانون الإداري : _bالعقود الإدارية والأموال العامة / _cدكـتور رأفت فوده. |
| 264 |
_aالقاهرة : _bدار النهضة العربية، _c1994. |
||
| 300 |
_a186 ؛ صفحة _c24 سم. _bإيضاحيات، صور، مثيليات ؛ |
||
| 336 |
_2rda content _atext |
||
| 337 |
_2rda media _aComputer |
||
| 338 |
_2rda carrier _aOnline Resource |
||
| 504 | _a. 240-220 ببليوجرافيا: صفحات. | ||
| 546 | _aالنص باللغة العربية | ||
| 650 | 1 | 4 |
_aالقانون الإداري _2qrmak |
| 650 | 1 | 4 |
_aالعقود الإدارية _2qrmak |
| 651 | 1 | _2qrmak | |
| 856 | 4 | 0 | _uhttps://fll.law.cu.edu.eg/fulltext/bks/B07-02256.pdf |
| 905 | _a77 | ||
| 942 |
_2ddc _cBK _e21 _n0 |
||
| 999 |
_c53216 _d53216 |
||